Video kavana endare: N Bhavani Shankarravara video kavanagala vishleshane (Record no. 140421)
[ view plain ]
| 000 -LEADER | |
|---|---|
| fixed length control field | 01068nam a2200301Ia 4500 |
| 003 - CONTROL NUMBER IDENTIFIER | |
| control field | OSt |
| 005 - DATE AND TIME OF LATEST TRANSACTION | |
| control field | 20250808115211.0 |
| 008 - FIXED-LENGTH DATA ELEMENTS--GENERAL INFORMATION | |
| fixed length control field | 210210b2009 xxu||||| |||| 00| 0 eng d |
| 040 ## - CATALOGING SOURCE | |
| Transcribing agency | AL |
| 041 ## - LANGUAGE CODE | |
| Language code of text/sound track or separate title | Kannada |
| 082 ## - DEWEY DECIMAL CLASSIFICATION NUMBER | |
| Classification number | K894.109 MORV |
| 100 ## - MAIN ENTRY--PERSONAL NAME | |
| Personal name | MORAS RONALD (J) |
| 9 (RLIN) | 182696 |
| Dates associated with a name | ಮೊರಾಸ್ ರೊನಾಲ್ಡ್ (ಜೆ) | |
| 245 ## - TITLE STATEMENT | |
| Title | Video kavana endare: N Bhavani Shankarravara video kavanagala vishleshane |
| Remainder of title | ವಿಡಿಯೋ ಕವನ ಎಂದರೆ : ಎನ್ ಭವಾನಿ ಶಂಕರರವರ ವಿಡಿಯೋ ಕವನಗಳ ವಿಶ್ಲೇಷಣೆ |
| 260 ## - PUBLICATION, DISTRIBUTION, ETC. | |
| Place of publication, distribution, etc. | Udupi |
| Name of publisher, distributor, etc. | - |
| Date of publication, distribution, etc. | 2009 |
| 300 ## - PHYSICAL DESCRIPTION | |
| Extent | vi,73 |
| 650 ## - SUBJECT ADDED ENTRY--TOPICAL TERM | |
| Topical term or geographic name entry element | vishleshane |
| 9 (RLIN) | 182697 |
| 650 ## - SUBJECT ADDED ENTRY--TOPICAL TERM | |
| Topical term or geographic name entry element | Vidiyo |
| 9 (RLIN) | 182698 |
| 650 ## - SUBJECT ADDED ENTRY--TOPICAL TERM | |
| Topical term or geographic name entry element | Shankarravara |
| 9 (RLIN) | 182699 |
| 650 ## - SUBJECT ADDED ENTRY--TOPICAL TERM | |
| Topical term or geographic name entry element | kavanagala |
| 9 (RLIN) | 182700 |
| 650 ## - SUBJECT ADDED ENTRY--TOPICAL TERM | |
| Topical term or geographic name entry element | kavana |
| 9 (RLIN) | 182701 |
| 650 ## - SUBJECT ADDED ENTRY--TOPICAL TERM | |
| Topical term or geographic name entry element | endare: |
| 9 (RLIN) | 182702 |
| 650 ## - SUBJECT ADDED ENTRY--TOPICAL TERM | |
| Topical term or geographic name entry element | En |
| 9 (RLIN) | 182703 |
| 650 ## - SUBJECT ADDED ENTRY--TOPICAL TERM | |
| Topical term or geographic name entry element | Bhavani |
| 9 (RLIN) | 182704 |
| 690 ## - LOCAL SUBJECT ADDED ENTRY--TOPICAL TERM (OCLC, RLIN) | |
| Topical term or geographic name as entry element | Kannada Poetry Criticism |
| 9 (RLIN) | 182705 |
| 700 ## - ADDED ENTRY--PERSONAL NAME | |
| Personal name | SHRIDHARA HEGADE |
| 9 (RLIN) | 182706 |
| Dates associated with a name | ಶ್ರೀಧರ ಹೆಗಡೆ Ed |
| 906 ## - LOCAL DATA ELEMENT F, LDF (RLIN) | |
| a | 064289 |
| 942 ## - ADDED ENTRY ELEMENTS (KOHA) | |
| Source of classification or shelving scheme | Dewey Decimal Classification |
| Koha item type | Book |
| Withdrawn status | Lost status | Source of classification or shelving scheme | Damaged status | Not for loan | Collection code | Home library | Current library | Shelving location | Date acquired | Source of acquisition | Cost, normal purchase price | Total Checkouts | Full call number | Barcode | Date last seen | Price effective from | Koha item type |
|---|---|---|---|---|---|---|---|---|---|---|---|---|---|---|---|---|---|
| Dewey Decimal Classification | Kannada | St Aloysius Library | St Aloysius Library | 02/17/2021 | Santa Meri Kaleju, Shirva, Udupi jille-574116 | 75.00 | K894.109 MORV | 064290 | 02/17/2021 | 02/17/2021 | Book | ||||||
| Dewey Decimal Classification | Kannada | St Aloysius Library | St Aloysius Library | 02/17/2021 | Santa Meri Kaleju, Shirva, Udupi jille-574116 | 75.00 | K894.109 MORV | 064289 | 02/17/2021 | 02/17/2021 | Book |